Ballon d'Or 2005 - Statistiken

Allgemein
  • Dieses Quiz wurde 122 mal gespielt
  • Das Durchschnittsergebnis liegt bei 30 aus 50
Antwortstatistiken
Platz Spieler Verein/e Nation Punkte % Korrekt
20. Cristiano Ronaldo Manchester United Portugal 3
96%
25. Ronaldo Real Madrid Brasilien 0
96%
1. Ronaldinho FC Barcelona Brasilien 225
95%
4. Thierry Henry FC Arsenal Frankreich 61
94%
10. Samuel Eto'o FC Barcelona Kamerun 18
93%
2. Frank Lampard FC Chelsea England 148
91%
3. Steven Gerrard FC Liverpool England 142
89%
8. Zlatan Ibrahimovic Juventus Turin Schweden 21
89%
5. Andriy Shevchenko AC Mailand Ukraine 33
87%
9. Kaká AC Mailand Brasilien 19
84%
14. Didier Drogba FC Chelsea Elfenbeinküste 7
83%
6. Paolo Maldini AC Mailand Italien 23
83%
18. Zinedine Zidane Real Madrid Frankreich 5
79%
25. Arjen Robben FC Chelsea Niederlande 0
77%
25. Andrea Pirlo AC Mailand Italien 0
73%
23. Pavel Nedved Juventus Turin Tschechien 1
73%
14. Petr Cech FC Chelsea Tschechien 7
73%
10. John Terry FC Chelsea England 18
72%
19. Gianluigi Buffon Juventus Turin Italien 4
67%
14. Michael Ballack FC Bayern München Deutschland 7
64%
25. David Beckham Real Madrid England 0
63%
25. Wayne Rooney Manchester United England 0
62%
22. Michael Essien Olympique Lyon/FC Chelsea Ghana 2
60%
7. Adriano Inter Mailand Brasilien 22
59%
25. Luís Figo Real Madrid/Inter Mailand Portugal 0
59%
25. Robinho FC Santos/Real Madrid Brasilien 0
59%
25. Michael Owen Real Madrid/Newcastle United England 0
58%
25. Deco FC Barcelona Portugal 0
57%
25. Roberto Carlos Real Madrid Brasilien 0
57%
25. Ruud van Nistelrooy Manchester United Niederlande 0
54%
25. Xavi FC Barcelona Spanien 0
53%
25. David Trezeguet Juventus Turin Frankreich 0
51%
25. Raúl Real Madrid Spanien 0
50%
25. Park Ji-Sung PSV Eindhoven/Manchester United Südkorea 0
49%
12. Juninho Olympique Lyon Frankreich 15
48%
13. Claude Makélélé FC Chelsea Frankreich 8
47%
25. Diego Forlán FC Villareal Uruguay 0
46%
25. Dida AC Mailand Brasilien 0
45%
25. Roy Makaay FC Bayern München Niederlande 0
45%
25. Patrick Vieira FC Arsenal Frankreich 0
44%
25. Fabio Cannavaro Juventus Turin Italien 0
43%
14. Juan Román Riquelme FC Villareal Argentinien 7
38%
20. Jamie Carragher FC Liverpool England 3
37%
25. Mark van Bommel PSV Eindhoven/FC Barcelona Niederlande 0
36%
25. Lilian Thuram Juventus Turin Frankreich 0
35%
25. Emerson Juventus Turin Brasilien 0
18%
23. Luis García FC Liverpool Spanien 1
18%
25. Cris Olympique Lyon Brasilien 0
10%
25. Mauro Camoranesi Juventus Turin Italien 0
9%
25. Grégory Coupet Olympique Lyon Frankreich 0
8%
Keine übereinstimmenden Quizze gefunden
Verteilung der Resultate
Anzahl Personen mit jedem Resultat
Perzentil nach korrekt beantworteten Fragen
Ihre Resultats-Entwicklung
Sie haben dieses Quiz noch nicht gespielt